Rubber growing soils of India: An overview (Record no. 67638)

MARC details
000 -LEADER
fixed length control field 01894nam a2200229Ia 4500
100 ## - MAIN ENTRY--AUTHOR NAME
Personal name Joseph M
245 #0 - TITLE STATEMENT
Title Rubber growing soils of India: An overview
260 ## - PUBLICATION, DISTRIBUTION, ETC. (IMPRINT)
Name of publisher Rubber Science
Year of publication 2016
300 ## - PHYSICAL DESCRIPTION
Number of Pages 119-139
520 ## - SUMMARY, ETC.
Summary, etc In India, natural rubber (NR) cultivation is spread in an area of approximately 8.0 lakh hectares and the majority of soils under NR are red ferruginous soils belonging to the Ultisol/Alfisol order containing large proportion of iron and aluminium oxides and hydrous oxides and kaolonite dominated clay. The available literature on physical, chemical and biological properties of the NR growing soils in India, their fertility status and the impact of NR cultivation on soil properties are discussed.. In the traditional NR growing belt, stretching from Kanyakumari district in the south to Dakshina Kannada district in the north, repeated cycles of rubber cultivation in the past one century, increased soil acidity, reduced organic carbon, available K, Ca and Mg contents and led to deficiency of Zn. For the soils int he North-east states of India, there are some indications that NR cultivation improved the organic carbon and available nutrient status compared to shifting cultivation/jhumming practices. Increasing soil reaction to the extremely acidic pH, declining base status and rising deficiency of Zn were reported from the traditional belt as well as from North-East India which warrants further studies and nutrient management strategies to maintain soil health and productivity on a sustainable basis.
650 ## - SUBJECT ADDED ENTRY--TOPICAL TERM
Topical Term Hevea brasiliensis
650 ## - SUBJECT ADDED ENTRY--TOPICAL TERM
Topical Term Lateritic soils
650 ## - SUBJECT ADDED ENTRY--TOPICAL TERM
Topical Term Red ferruginous soils
650 ## - SUBJECT ADDED ENTRY--TOPICAL TERM
Topical Term Rubber growing soil
650 ## - SUBJECT ADDED ENTRY--TOPICAL TERM
Topical Term Soil acidity
650 ## - SUBJECT ADDED ENTRY--TOPICAL TERM
Topical Term Soil biology
650 ## - SUBJECT ADDED ENTRY--TOPICAL TERM
Topical Term Soil chemistry
650 ## - SUBJECT ADDED ENTRY--TOPICAL TERM
Topical Term Soil fertility
650 ## - SUBJECT ADDED ENTRY--TOPICAL TERM
Topical Term Soil health
942 ## - ADDED ENTRY ELEMENTS (KOHA)
Koha item type Journals
Holdings
Withdrawn status Lost status Damaged status Not for loan Home library Current library Shelving location Date acquired Serial Enumeration / chronology Koha item type
      Journals RRII Library RRII Library Agronomy 01/01/2021 Volume 29, Issue 2 Journals